Australia v New Zealand Cricket World Cup Final 2015 - Statistics

General Stats
  • This quiz has been taken 891 times
  • The average score is 16 of 22
Answer Stats
Answer % Correct
David Warner
94%
Mitchell Starc
93%
Stephen Smith
91%
Trent Boult
87%
Kane Williamson
85%
Michael Clarke
84%
Tim Southee
83%
Brendon McCullum
79%
Aaron Finch
77%
Martin Guptill
76%
Ross Taylor
76%
Josh Hazlewood
74%
Brad Haddin
72%
Mitchell Johnson
69%
Glenn Maxwell
64%
Shane Watson
62%
Daniel Vettori
59%
Grant Elliott
49%
James Faulkner
49%
Corey Anderson
46%
Luke Ronchi
46%
Matt Henry
45%
No matching quizzes found
Score Distribution
Percent of People with Each Score
Percentile by Number Answered
Your Score History
You have not taken this quiz